Geografia na litere N na zdjęciach - Statystyki

Ogólne statystyki
  • Ten quiz został rozwiązany 29 razy
  • Średni wynik to 11 z 18
Statystyki odpowiedzi
Obrazkowy Hint Odpowiedź % Poprawnych
państwo Nigeria
100%
rzeka Nil
100%
państwo Norwegia
96%
miasto Nowy Jork
96%
miasto Neapol
93%
grupa wodospadów Niagara
82%
katedra Notre Dame
82%
stan Nevada
64%
państwo Namibia
61%
region we Francji Normandia
57%
stolica Nowe Delhi
57%
miasto Norymberga
50%
stan Nowa Południowa Walia
43%
państwo Nowa Zelandia
43%
wyspa Nowa Fundlandia
39%
miasto Nowy Orlean
25%
miasto Nottingham
11%
hrabstwo Northumberland
4%
Nie znaleziono quizów pasujących do podanych kryteriów
Rozkład punktacji
Procent ludzi z każdym wynikiem
Percentyl według liczby udzielonych odpowiedzi
Twoja historia wyników
Nie rozwiązałeś tego quizu